Dhyan Ke Kamal (Record no. 43448)

MARC details
000 -LEADER
fixed length control field 00347nam a22001577a 4500
008 - FIXED-LENGTH DATA ELEMENTS--GENERAL INFORMATION
fixed length control field 220519b ||||| |||| 00| 0 eng d
020 ## - INTERNATIONAL STANDARD BOOK NUMBER
International Standard Book Number 8184191308
082 ## - DEWEY DECIMAL CLASSIFICATION NUMBER
Classification number 299.93
Item number OSD
041 ## - LANGUAGE CODE
Language code of text/sound track or separate title hin
100 ## - MAIN ENTRY--PERSONAL NAME
Personal name Osho
245 ## - TITLE STATEMENT
Title Dhyan Ke Kamal
Statement of responsibility, etc. By Osho
260 ## - PUBLICATION, DISTRIBUTION, ETC.
Place of publication, distribution, etc. Delhi
Name of publisher, distributor, etc. Fusion Books
Date of publication, distribution, etc. 208
300 ## - PHYSICAL DESCRIPTION
Extent 123p.
650 ## - SUBJECT ADDED ENTRY--TOPICAL TERM
Topical term or geographic name entry element YOGA
942 ## - ADDED ENTRY ELEMENTS (KOHA)
Koha item type Books
Holdings
Withdrawn status Lost status Source of classification or shelving scheme Damaged status Not for loan Home library Current library Date acquired Source of acquisition Cost, normal purchase price Total Checkouts Full call number Barcode Date last seen Date last checked out Price effective from Koha item type
    Dewey Decimal Classification     Chaudhary Ranbir Singh University Chaudhary Ranbir Singh University 03.03.2022 Hitesh Book Dist. 95.00 1 299.93 OSD 24045 23.12.2024 07.11.2024 19.05.2022 Books
    Dewey Decimal Classification     Chaudhary Ranbir Singh University Chaudhary Ranbir Singh University 03.03.2022 Hitesh Book Dist. 95.00 3 299.93 OSD 24046 27.10.2025 19.09.2025 19.05.2022 Books


Copyright © 2025 CRSU. All Rights Reserved.